Implementácia virtualizácie v korporátnej počítačovej sieti

Saved in:
Bibliographic Details
Main Author: Výboh, Matej (Author)
Other Authors: Páleník, Tomáš (Thesis advisor)
Format: Manuscript Book
Language:Slovak
Published: Bratislava : STU v Bratislave FEI, 2021
Subjects:
Online Access:https://opac.crzp.sk/?fn=detailBiblioForm&sid=983A108C82E0ACEA9F5D796AE8A0&seo=CRZP-detail-kniha
Tags: Add Tag
No Tags, Be the first to tag this record!

MARC

LEADER 00000ntm a22000003a 4500
001 stuzp82418
003 SK-STU
005 20210924134637.0
007 ta
008 150427s2015----xo-----f-mn---000-0-slo-d
040 |a STU  |b slo 
041 0 |a slo 
044 |a xo 
100 1 |a Výboh, Matej  |u 037000  |4 aut  |U FEI Fakulta elektrotechniky a informatiky  |T FEI Ústav multimediálnych informačných a komunikačných technológií  |X 98293  |U E070  |Y 818  |7 98293 
242 0 1 |a Implementing virtualisation in an enterprise network  |y eng 
245 1 0 |a Implementácia virtualizácie v korporátnej počítačovej sieti 
260 |a Bratislava :  |b STU v Bratislave FEI,  |c 2021 
300 |a 50 s. 
650 4 |a linux  |2 slo 
650 4 |a centos  |2 slo 
650 4 |a virtualizacia  |2 slo 
650 4 |a ovirt  |2 slo 
650 4 |a ynet  |2 slo 
650 4 |a linux  |2 eng 
650 4 |a centos  |2 eng 
650 4 |a virtualization  |2 eng 
650 4 |a ovirt  |2 eng 
650 4 |a ynet  |2 eng 
700 1 |a Páleník, Tomáš  |u 037000  |k Z1  |4 ths  |U FEI Fakulta elektrotechniky a informatiky  |T FEI Ústav multimediálnych informačných a komunikačných technológií  |X 19622  |U E070  |Y 818  |7 A000019622 
856 4 |u https://opac.crzp.sk/?fn=detailBiblioForm&sid=983A108C82E0ACEA9F5D796AE8A0&seo=CRZP-detail-kniha